<?xml version="1.0" encoding="UTF-8"?>
<collection xmlns="http://www.loc.gov/MARC21/slim">
 <record>
  <leader>01070pam a22002538a 4500</leader>
  <controlfield tag="001">00025537</controlfield>
  <controlfield tag="005">20171026081022.0</controlfield>
  <controlfield tag="008">110806s1998                  ||||||viesd</controlfield>
  <datafield tag="041" ind1="0" ind2="#">
   <subfield code="a">vie</subfield>
  </datafield>
  <datafield tag="082" ind1="1" ind2="4">
   <subfield code="a">551.5</subfield>
   <subfield code="b">KH300QU</subfield>
  </datafield>
  <datafield tag="100" ind1="0" ind2="#">
   <subfield code="a">Hoàng Ngọc Oanh</subfield>
  </datafield>
  <datafield tag="245" ind1="0" ind2="0">
   <subfield code="a">Khí quyển và thủy quyển</subfield>
   <subfield code="b">Giáo trình đào tạo giáo viên THCS hệ CĐSP</subfield>
   <subfield code="c">Hoàng Ngọc Oanh,Nguyễn Văn Âu</subfield>
  </datafield>
  <datafield tag="260" ind1="#" ind2="#">
   <subfield code="a">H.</subfield>
   <subfield code="b">Giáo dục</subfield>
   <subfield code="c">1998</subfield>
  </datafield>
  <datafield tag="300" ind1="#" ind2="#">
   <subfield code="a">162tr.</subfield>
   <subfield code="c">24cm.</subfield>
  </datafield>
  <datafield tag="500" ind1="#" ind2="#">
   <subfield code="a">ĐTTS ghi: Bộ GD và ĐT</subfield>
  </datafield>
  <datafield tag="653" ind1="#" ind2="#">
   <subfield code="a">khí quyển</subfield>
  </datafield>
  <datafield tag="653" ind1="#" ind2="#">
   <subfield code="a">trái đất</subfield>
  </datafield>
  <datafield tag="653" ind1="#" ind2="#">
   <subfield code="a">thủy quyển</subfield>
  </datafield>
  <datafield tag="700" ind1="0" ind2="#">
   <subfield code="a">Nguyễn Văn Âu</subfield>
  </datafield>
  <datafield tag="852" ind1="#" ind2="#">
   <subfield code="b">Kho giáo trình</subfield>
   <subfield code="j">KGT.0024513, KGT.0024514, KGT.0024515, KGT.0024516, KGT.0024517, KGT.0024518, KGT.0024519, KGT.0033781</subfield>
  </datafield>
  <datafield tag="852" ind1="#" ind2="#">
   <subfield code="j">KGT.0024513</subfield>
   <subfield code="j">KGT.0024516</subfield>
   <subfield code="j">KGT.0024517</subfield>
   <subfield code="j">KGT.0024519</subfield>
   <subfield code="j">KGT.0033781</subfield>
   <subfield code="j">KGT.0024515</subfield>
   <subfield code="j">KGT.0024514</subfield>
   <subfield code="j">KGT.0024518</subfield>
   <subfield code="j">KGT.0053882</subfield>
  </datafield>
  <datafield tag="852" ind1="#" ind2="#">
   <subfield code="b">Kho mượn</subfield>
   <subfield code="j">KGT.0024513</subfield>
  </datafield>
  <datafield tag="910" ind1=" " ind2=" ">
   <subfield code="d">06/08/2011</subfield>
  </datafield>
  <datafield tag="980" ind1="#" ind2="#">
   <subfield code="a">Trung tâm Học liệu Lê Vũ Hùng, Trường Đại học Đồng Tháp</subfield>
  </datafield>
 </record>
</collection>
